书目信息 |
| 题名: |
唯物辩证法在昔阳的胜利
|
|
| 作者: | ;中国社会科学院哲学研究所写作组 编写 | |
| 分册: | ||
| 出版信息: | 北京 人民出版社 1978 |
|
| 页数: | 188页 | |
| 开本: | 20cm | |
| 丛书名: | ||
| 单 册: | ||
| 中图分类: | F327.254 | |
| 科图分类: | ||
| 主题词: | 农业学大寨--昔阳县 | |
| 电子资源: | ||
| ISBN: | ||
| 000 | 00699nam0 2200217 45 | |
| 001 | 0178001802 | |
| 005 | 20060722094305.48 | |
| 010 | @dCNY0.48 | |
| 091 | @aCN@b2001.168 | |
| 100 | @a19950714d1978 em y0chiy0121 ea | |
| 101 | 0 | @achi |
| 102 | @aCN@b110000 | |
| 105 | @ay z 000yy | |
| 200 | 10 | @a唯物辩证法在昔阳的胜利@Awei wu bian zheng fa zai xi yang de sheng li@f中国社会科学院哲学研究所写作组编写 |
| 210 | @a北京@c人民出版社@d1978 | |
| 215 | @a188页@d20cm | |
| 606 | @a农业学大寨@y昔阳县 | |
| 690 | @aF327.254@v3 | |
| 711 | 02 | @a中国社会科学院哲学研究所写作组@Azhong guo she hui ke xue yuan zhe xue yan jiu suo xie zuo zu@4编写 |
| 801 | 0 | @aCN@bTSSF@c20060722 |
| 905 | @a10447@dF327.254@e45 | |
| 唯物辩证法在昔阳的胜利/中国社会科学院哲学研究所写作组编写.-北京:人民出版社,1978 |
| 188页;20cm |
| ISBN :CNY0.48 |
| ● |
| 相关链接 |
|
|
|
|
正题名:唯物辩证法在昔阳的胜利
索取号:F327.254/45
 
预约/预借
| 序号 | 登录号 | 条形码 | 馆藏地/架位号 | 状态 | 备注 |
| 1 | 0425553 | 204255536 | 密集书库/ [索取号:F327.254/45] | 在馆 |